Statistics for Famous Polish People on Pictures

Click here to take the quiz!

General Stats

  • This quiz has been taken 1,014 times
  • The average score is 8 of 15

Answer Stats

Answer% Correct
Marie Skłodowska Curie
91%
John Paul II
90%
Nicolaus Copernicus
82%
Frédéric Chopin
74%
Robert Lewandowski
72%
Lech Wałęsa
71%
Donald Tusk
57%
Roman Polański
56%
Tadeusz Kościuszko
52%
Adam Małysz
50%
Józef Piłsudski
44%
Marcin Gortat
41%
John III Sobieski
32%
Joseph Conrad
10%
Johannes Hevelius
9%

Score Distribution

Percentile by Number Answered

Percent of People with Each Score

Your Score History

You have not taken this quiz